000 00452nam a2200157 i 4500
001 74705
003 ES-MaACL
005 20230906172223.0
007 t|
008 040920s1976 pr ||||1| spa d
100 1 _aGonzález Torres, Rafael A.
_958986
245 1 3 _aEl retrato del otro /
_cpor Rafael A. González Torres.
260 _aRío Piedras (Puerto Rico) :
_bEdil,
_c1976.
300 _a185 p. ;
_c18 cm.
852 _aES-MaACL
_jA-7257
_bR.96245
999 _c74705
_d74705